000 00427nam a2200181Ia 4500
001 24051
005 20260414151018.0
008 260414t1953||||xx |||||||||||||| ||spa||
041 _aESP
082 _a759.02
_bS744A
100 _aSkira, Albert
_eAUT
245 4 _aThe great centuries of painting
_b
260 _c1953
300 _a200 páginas :
_c28 cm.
650 _aABD
654 _aCAU
942 _cLIB
_dJUS
_fJUS
_2ddc
_n
999 _c24051
_d24051